[Event "II Festival Costa Viola B"]
[Site "Bagnara Calabra ITA"]
[Date "2009.01.04"]
[Round "3"]
[White "Soluri, Francesco"]
[Black "Ceravolo, Alberto"]
[Result "0-1"]
[WhiteElo "1485"]
[BlackElo "1652"]
[PlyCount "107"]
[EventDate "2009.01.02"]

1. d4 d5 2. Nf3 Nf6 3. Bf4 e6 4. Nbd2 Nbd7 5. e3 Be7 6. Bd3 Nh5 7. O-O Nxf4 8.
exf4 O-O 9. Re1 c5 10. c3 b6 11. Ne5 Nxe5 12. fxe5 cxd4 13. cxd4 g6 14. Nf3 Bd7
15. a3 b5 16. Re2 Rc8 17. Rc2 Rxc2 18. Qxc2 Qb6 19. b4 Rc8 20. Qd2 Qd8 21. Rc1
a6 22. Rc2 Rxc2 23. Qxc2 Qc8 24. Nd2 Qxc2 25. Bxc2 a5 26. bxa5 Bxa3 27. a6 Bb2
28. a7 Bc6 29. Nb3 Ba8 30. f4 Kf8 31. Kf2 Ke8 32. Ke3 Kd8 33. Bd3 b4 34. Bb5
Kc7 35. g4 h6 36. h4 Bc3 37. Na5 Kd8 38. Nc6+ Kc7 39. Ne7 Kb7 40. Be8 Be1 41.
Bxf7 Bxh4 42. Bxe6 Bxe7 43. Bxd5+ Kxa7 44. Bxa8 Kxa8 45. d5 Bc5+ 46. Ke4 Kb8
47. f5 gxf5+ 48. gxf5 b3 49. Kd3 b2 50. Kc2 Bd4 51. e6 Kc8 52. d6 Kd8 53. d7
Ke7 54. Kb1 0-1

[Event "II Festival Costa Viola B"]
[Site "Bagnara Calabra ITA"]
[Date "2009.01.04"]
[Round "4"]
[White "Altomonte, Giuseppe"]
[Black "Caporale, Giuseppe Guido"]
[Result "1/2-1/2"]
[WhiteElo "1743"]
[BlackElo "1815"]
[PlyCount "105"]
[EventDate "2009.01.02"]

1. d4 d5 2. c4 c6 3. Nc3 Nf6 4. Nf3 e6 5. Bg5 Be7 6. e3 O-O 7. Bd3 dxc4 8. Bxc4
Nbd7 9. O-O Qa5 10. Qc2 h6 11. Bh4 Bd6 12. Rad1 Qc7 13. Ne4 Nxe4 14. Qxe4 Nb6
15. Bb3 Bd7 16. Qd3 Nd5 17. Bg3 Bxg3 18. hxg3 f6 19. Bc2 Ne7 20. Nh4 f5 21. Bb3
g5 22. Nf3 Ng6 23. g4 Kg7 24. gxf5 exf5 25. d5 Rae8 26. Qc3+ Rf6 27. Rd2 Ne5
28. Rfd1 Nxf3+ 29. gxf3 Qe5 30. dxc6 Bxc6 31. Qxe5 Rxe5 32. Bd5 Bxd5 33. Rxd5
Rxd5 34. Rxd5 Rf7 35. Rd6 h5 36. Kg2 a5 37. Rb6 g4 38. Kg3 a4 39. Kh4 gxf3 40.
Kxh5 f4 41. exf4 Rxf4 42. Kg5 Re4 43. Rxb7+ Kf8 44. Kf6 Ke8 45. Rb5 Re2 46. Rb4
Rxf2 47. Rxa4 Rxb2 48. Rf4 f2 49. Kg5 Rxa2 50. Rf3 Ke7 51. Kg4 Ke6 52. Kg3 Ra3
53. Kxf2 1/2-1/2

[Event "II Festival Costa Viola B"]
[Site "Bagnara Calabra ITA"]
[Date "2009.01.04"]
[Round "4"]
[White "Arcidiaco, Francesco"]
[Black "Russo, Arianna"]
[Result "0-1"]
[WhiteElo "1593"]
[BlackElo "1647"]
[PlyCount "56"]
[EventDate "2009.01.02"]

1. e4 e6 2. d4 d5 3. Nc3 Nf6 4. e5 Nfd7 5. Nf3 c5 6. Be3 Nc6 7. Rb1 Be7 8. Bd3
cxd4 9. Bxd4 Nxd4 10. Nxd4 Nxe5 11. Bb5+ Bd7 12. O-O O-O 13. Be2 a6 14. Re1 Bc5
15. Nb3 Bd6 16. Ne4 Bc7 17. Nec5 Bc6 18. Nd3 Nc4 19. Nd4 Qd6 20. Nf3 e5 21.
Ndxe5 Nxe5 22. g3 Nxf3+ 23. Bxf3 Rfe8 24. Rf1 Re5 25. Qd4 Qf6 26. Bg2 Rd8 27.
Rbd1 Bb5 28. f4 Bb6 0-1

[Event "II Festival Costa Viola B"]
[Site "Bagnara Calabra ITA"]
[Date "2009.01.04"]
[Round "4"]
[White "Ceravolo, Alberto"]
[Black "Carrozza, Gregorio"]
[Result "1-0"]
[WhiteElo "1652"]
[BlackElo "1595"]
[PlyCount "51"]
[EventDate "2009.01.02"]

1. d4 Nf6 2. f4 e6 3. e3 b6 4. Nf3 Bb7 5. Bd3 Be7 6. Nbd2 d5 7. O-O Na6 8. c3
O-O 9. Ne5 c5 10. Ndf3 Rc8 11. Bd2 Nd7 12. f5 Nf6 13. fxe6 fxe6 14. Ng5 Qd6 15.
Rxf6 Rxf6 16. Qh5 h6 17. Nh7 Rcf8 18. Nxf8 Kxf8 19. Bh7 g5 20. Ng4 Bc6 21. Nxf6
Bxf6 22. Qxh6+ Ke7 23. Rf1 e5 24. e4 exd4 25. Rxf6 Qe5 26. Qf8+ 1-0

[Event "II Festival Costa Viola B"]
[Site "Bagnara Calabra ITA"]
[Date "2009.01.04"]
[Round "4"]
[White "Della Rocca, Giorgio"]
[Black "Paragliola, Gennaro"]
[Result "1-0"]
[WhiteElo "1893"]
[BlackElo "1643"]
[PlyCount "27"]
[EventDate "2009.01.02"]

1. c4 Nf6 2. Nc3 d6 3. g3 e5 4. Bg2 Nc6 5. Nf3 g6 6. d3 Bg7 7. O-O O-O 8. Bd2
Rb8 9. Rb1 Bd7 10. b4 Qc8 11. Re1 Ne8 12. Nd5 f5 13. b5 Nd8 14. Ne7+ 1-0

[Event "II Festival Costa Viola B"]
[Site "Bagnara Calabra ITA"]
[Date "2009.01.04"]
[Round "4"]
[White "Familari, Giuseppe"]
[Black "Rizzuti, Pasquale"]
[Result "0-1"]
[WhiteElo "1822"]
[BlackElo "1824"]
[PlyCount "57"]
[EventDate "2009.01.02"]

1. d4 d5 2. c4 c6 3. Nf3 Nf6 4. Nc3 Bf5 5. Qb3 Qb6 6. Qxb6 axb6 7. cxd5 Nxd5 8.
Nxd5 cxd5 9. e3 Nc6 10. Bd2 f6 11. Bb5 g5 12. a3 h5 13. Rc1 Rc8 14. O-O e6 15.
Rc3 Rh7 16. Rfc1 Rhc7 17. Ne1 Bd6 18. Nd3 Kd8 19. Ne1 e5 20. Bxc6 Rxc6 21. Kf1
exd4 22. exd4 Rc4 23. Nc2 h4 24. Ne3 Rxc3 25. Rxc3 Rxc3 26. Bxc3 Be6 27. h3 Ke7
28. Ke2 b5 29. Bb4 0-1

[Event "II Festival Costa Viola B"]
[Site "Bagnara Calabra ITA"]
[Date "2009.01.04"]
[Round "4"]
[White "Fariselli, Umberto"]
[Black "Scerra, Ezio"]
[Result "0-1"]
[WhiteElo "1518"]
[BlackElo "1350"]
[PlyCount "124"]
[EventDate "2009.01.02"]

1. e4 Nc6 2. Nf3 g6 3. Bb5 Bg7 4. Bxc6 bxc6 5. c3 Nf6 6. d3 Bb7 7. Nbd2 d6 8.
O-O e5 9. Nc4 Nd7 10. Na5 Qc8 11. Qb3 Nc5 12. Qc2 Ba6 13. Rd1 Qd7 14. Ne1 O-O
15. Be3 Nb7 16. Nb3 c5 17. c4 f5 18. f3 Nd8 19. Nd2 Rb8 20. b3 f4 21. Bf2 Ne6
22. Qc3 Bb7 23. a4 c6 24. Qa5 a6 25. Qc3 Nd4 26. Bxd4 cxd4 27. Qc2 Rfc8 28. Nf1
d5 29. Qe2 dxc4 30. bxc4 c5 31. Rdb1 Bc6 32. Rxb8 Rxb8 33. Qc2 a5 34. Qa2 Rb4
35. Nc2 Rxa4 36. Qb2 Rxa1 37. Qxa1 Qa7 38. Qa3 Bf6 39. Nd2 Bd8 40. Nb3 Bb6 41.
Kf2 a4 42. Nd2 Qb7 43. Nf1 Qe7 44. Kg1 Ba5 45. h3 Bb4 46. Qa2 Qa7 47. Nh2 h5
48. Kf1 a3 49. Ke2 Ba4 50. Kd1 Bxc2+ 51. Kxc2 Qe7 52. Kb3 Qg5 53. Qe2 Qe7 54.
Qa2 Qa7 55. Kc2 Qa4+ 56. Qb3 Qa5 57. Qa2 Bc3 58. Kd1 Qb4 59. Kc2 Bd2 60. Qb3
Qc3+ 61. Qxc3 dxc3 62. Nf1 a2 0-1

[Event "II Festival Costa Viola B"]
[Site "Bagnara Calabra ITA"]
[Date "2009.01.04"]
[Round "4"]
[White "Ielapi, Gianbattista"]
[Black "Scalise, Sandro"]
[Result "1-0"]
[WhiteElo "1752"]
[BlackElo "1595"]
[PlyCount "87"]
[EventDate "2009.01.02"]

1. d4 d5 2. Nf3 Bf5 3. e3 Nf6 4. c4 c6 5. Qb3 Qb6 6. Qa4 e6 7. c5 Qc7 8. Nc3
Nbd7 9. Be2 Be7 10. O-O O-O 11. b4 Ne4 12. Qb3 e5 13. Nxe4 Bxe4 14. Bb2 exd4
15. Bxd4 a5 16. a3 f5 17. Nd2 axb4 18. axb4 Rxa1 19. Bxa1 Bg5 20. f3 Bc2 21.
Qxc2 Bxe3+ 22. Kh1 Qf4 23. g3 Qxb4 24. Nb3 Nxc5 25. Nxc5 Qxc5 26. Qxc5 Bxc5 27.
Rb1 b6 28. Ba6 Re8 29. f4 Re4 30. Be5 d4 31. Bd3 Re3 32. Bxf5 g6 33. Be6+ Kf8
34. Rd1 d3 35. Bc4 d2 36. Rxd2 Re1+ 37. Kg2 Rg1+ 38. Kf3 b5 39. Bd3 Bb4 40. Rc2
Rd1 41. Be2 Rh1 42. Kg2 Re1 43. Bf3 c5 44. Bc6 1-0

[Event "II Festival Costa Viola B"]
[Site "Bagnara Calabra ITA"]
[Date "2009.01.04"]
[Round "4"]
[White "Lanza, Giuseppe"]
[Black "Attina', Rodolfo"]
[Result "1-0"]
[WhiteElo "1521"]
[BlackElo "1398"]
[PlyCount "119"]
[EventDate "2009.01.02"]

1. f4 g6 2. Nf3 Nc6 3. e4 d5 4. exd5 Qxd5 5. Nc3 Qe6+ 6. Be2 a6 7. d4 Qd6 8.
Ne4 Qd8 9. d5 Nb4 10. c4 a5 11. O-O Nh6 12. a3 Na6 13. Qd4 Rg8 14. Ne5 Bg7 15.
Be3 Nf5 16. Qd2 Nxe3 17. Qxe3 f5 18. Ng5 Bxe5 19. Qxe5 Qd6 20. Qc3 h6 21. Nf3
Qb6+ 22. Kh1 Nc5 23. Rab1 Ne4 24. Qe5 Nf2+ 25. Rxf2 Qxf2 26. Rf1 Qb6 27. Re1
Qd6 28. Qd4 c5 29. dxc6 Qxd4 30. Nxd4 bxc6 31. Bf3 Kd8 32. Nxc6+ Kc7 33. Nxe7
Bb7 34. Nxg8 Bxf3 35. gxf3 Rxg8 36. Re7+ Kd6 37. Ra7 Rb8 38. Ra6+ Kc5 39. Rxg6
Rxb2 40. Ra6 Kxc4 41. Rxa5 Rb5 42. Ra6 Rb1+ 43. Kg2 Kb5 44. Rxh6 Ra1 45. Rf6
Rxa3 46. Rxf5+ Kc6 47. h4 Kd6 48. Re5 Ra8 49. Kg3 Rg8+ 50. Rg5 Rh8 51. f5 Ke5
52. f4+ Kf6 53. Kg4 Rh6 54. h5 Kf7 55. Rg6 Rxg6+ 56. fxg6+ Kg7 57. Kg5 Kh8 58.
Kf6 Kg8 59. g7 Kh7 60. Kf7 1-0

[Event "II Festival Costa Viola B"]
[Site "Bagnara Calabra ITA"]
[Date "2009.01.04"]
[Round "4"]
[White "Licari, Carmelo"]
[Black "Fico, Tommaso"]
[Result "0-1"]
[WhiteElo "1395"]
[BlackElo "1583"]
[PlyCount "84"]
[EventDate "2009.01.02"]

1. d4 Nf6 2. e3 c5 3. c3 d5 4. Nf3 Nc6 5. Ne5 e6 6. a3 Bd6 7. Nxc6 bxc6 8. Nd2
O-O 9. Nf3 Qc7 10. b4 cxb4 11. cxb4 Bd7 12. Ne5 Bxe5 13. dxe5 Qxe5 14. Bd2 Ne4
15. Be2 Nc3 16. Bxc3 Qxc3+ 17. Kf1 a5 18. bxa5 Rxa5 19. f3 Rxa3 20. Rxa3 Qxa3
21. Kf2 Rb8 22. Rf1 c5 23. Qc1 Qxc1 24. Rxc1 c4 25. g4 f5 26. g5 e5 27. Rd1 Be6
28. h4 c3 29. Rc1 Rc8 30. Bd3 d4 31. exd4 exd4 32. Re1 Kf7 33. Re2 Rb8 34. Kg3
Rb2 35. Re1 Rd2 36. Be2 c2 37. h5 Rxe2 38. Rxe2 c1=Q 39. g6+ hxg6 40. hxg6+ Kf6
41. Kf2 f4 42. Re4 Qe3+ 0-1

[Event "II Festival Costa Viola B"]
[Site "Bagnara Calabra ITA"]
[Date "2009.01.04"]
[Round "4"]
[White "Mileo, Miguelito"]
[Black "Russo, Carmelo"]
[Result "1-0"]
[WhiteElo "1638"]
[BlackElo "1724"]
[PlyCount "85"]
[EventDate "2009.01.02"]

1. d4 Nf6 2. Bf4 d5 3. e3 Bg4 4. Nf3 h6 5. Be2 Nbd7 6. h3 Bf5 7. c4 e6 8. Qb3
b6 9. Nc3 c6 10. O-O Be7 11. Qa4 Qc8 12. Rac1 Qb7 13. cxd5 exd5 14. Ba6 b5 15.
Bxb7 bxa4 16. Bxa8 a3 17. b3 O-O 18. Bxc6 Bb4 19. g4 Be6 20. Na4 h5 21. Ne5
hxg4 22. Nxd7 Nxd7 23. Bxd7 Bxd7 24. Nc5 Bb5 25. hxg4 Be2 26. Kg2 Bxg4 27. Rh1
f6 28. Rh4 Bf5 29. Rh5 g6 30. Rh6 Kg7 31. Rch1 g5 32. Bd6 Re8 33. Nb7 Bd2 34.
Bxa3 Be4+ 35. f3 Bc2 36. e4 dxe4 37. Rh7+ Kg8 38. Rh8+ Kg7 39. Rxe8 e3 40. Bc1
Bg6 41. Re7+ Kf8 42. Rc7 g4 43. Rh8# 1-0

[Event "II Festival Costa Viola B"]
[Site "Bagnara Calabra ITA"]
[Date "2009.01.04"]
[Round "4"]
[White "Pallonetto, Cristofaro"]
[Black "Carbone, Stefano"]
[Result "0-1"]
[WhiteElo "1473"]
[BlackElo "1665"]
[PlyCount "77"]
[EventDate "2009.01.02"]

1. e4 g6 2. d4 Bg7 3. Nf3 d6 4. h3 a6 5. Nc3 Nd7 6. b3 b5 7. Be2 e6 8. O-O Ne7
9. Re1 O-O 10. Bb2 Bb7 11. Qd2 b4 12. Nd1 Bxe4 13. Qxb4 Bxc2 14. Rc1 Bxd1 15.
Rexd1 Nd5 16. Qd2 a5 17. a3 Qb8 18. Bc4 N7f6 19. Re1 Qb6 20. a4 Rfd8 21. Re2 c5
22. Rce1 Qb4 23. Qc1 Qb6 24. Ba3 cxd4 25. Rd1 Nc3 26. Nxd4 Nxe2+ 27. Nxe2 d5
28. Bb5 Rac8 29. Qf4 Ne4 30. Be7 Re8 31. Bxe8 Rxe8 32. Ba3 Qxb3 33. Qc1 Qxa4
34. Rd3 Qb5 35. Qd1 Rb8 36. g3 Qb1 37. Bc1 a4 38. f3 Nc5 39. Nc3 0-1

[Event "II Festival Costa Viola B"]
[Site "Bagnara Calabra ITA"]
[Date "2009.01.04"]
[Round "4"]
[White "Pirrotta, Domenico"]
[Black "Soluri, Francesco"]
[Result "0-1"]
[WhiteElo "1359"]
[BlackElo "1485"]
[PlyCount "120"]
[EventDate "2009.01.02"]

1. e4 c5 2. Nf3 Nc6 3. Bc4 e6 4. c3 g6 5. d4 cxd4 6. cxd4 d5 7. Bd3 Bg7 8. e5
Nge7 9. O-O O-O 10. Bg5 Qc7 11. Re1 a6 12. Qd2 b5 13. Bh6 Nf5 14. Bxg7 Kxg7 15.
Qf4 Qe7 16. a3 Ra7 17. b4 Bd7 18. g3 Rc7 19. Nbd2 Na7 20. Rac1 Rfc8 21. Rc5
Rxc5 22. dxc5 Nc6 23. Nb3 Rb8 24. Bxf5 exf5 25. e6 fxe6 26. Nbd4 Re8 27. Ne5
Nxe5 28. Qxe5+ Kf7 29. c6 Bc8 30. h4 Rd8 31. c7 Rd7 32. Rc1 Qf6 33. Nf3 h6 34.
Kf1 d4 35. Ke2 Rd5 36. Qf4 Kg7 37. Kd3 e5 38. Nxe5 Qxe5 39. Qxe5+ Rxe5 40. Kxd4
Re6 41. f4 h5 42. Kd5 Kf7 43. Kc5 Ke7 44. Kd5 Re3 45. Rc6 Rd3+ 46. Ke5 Rxg3 47.
Rd6 Re3+ 48. Kd4 Kxd6 49. Kxe3 Kxc7 50. Kd4 Kd6 51. Kd3 Kd5 52. Ke3 Kc4 53. Kd2
Kd4 54. Ke2 Bb7 55. Kd2 Ke4 56. Kc3 Bd5 57. Kd2 Bc4 58. Kc3 Kxf4 59. Kd4 Kg4
60. Kc5 Kxh4 0-1

[Event "II Festival Costa Viola B"]
[Site "Bagnara Calabra ITA"]
[Date "2009.01.04"]
[Round "4"]
[White "Russo, Biagio"]
[Black "Ielapi, Vito"]
[Result "0-1"]
[WhiteElo "1455"]
[BlackElo "1884"]
[PlyCount "102"]
[EventDate "2009.01.02"]

1. d4 Nf6 2. c4 e6 3. Nc3 b6 4. e4 Bb7 5. f3 d5 6. cxd5 exd5 7. e5 Nfd7 8. Bd3
Be7 9. Qc2 g6 10. Bh6 Bh4+ 11. g3 Bg5 12. Bxg5 Qxg5 13. f4 Qh5 14. Be2 Qh6 15.
Bf3 c6 16. Nge2 Na6 17. Bg4 Nc7 18. f5 O-O-O 19. f6 Kb8 20. O-O Nf8 21. Nf4 g5
22. Nh3 Nfe6 23. Qd2 Qg6 24. Bf5 Qg8 25. b4 h6 26. a4 Qf8 27. Ne2 h5 28. Rfb1
g4 29. Nhf4 Qh6 30. Qc3 h4 31. Ra3 Ng5 32. Kg2 Rdg8 33. Rh1 Ne4 34. Bxe4 dxe4
35. Qe3 Ne6 36. Qxe4 Ng5 37. Qd3 Nf3 38. Raa1 Rd8 39. Qc4 c5 40. d5 Nxe5 41.
Qe4 Rhe8 42. Qf5 Ng6 43. Nc3 Re5 44. Qd3 h3+ 45. Kf2 Nxf4 46. gxf4 Qxf4+ 47.
Kg1 cxb4 48. Rf1 Qh6 49. Qg3 Qh5 50. Rf4 bxc3 51. Rc4 Ka8 0-1

[Event "II Festival Costa Viola B"]
[Site "Bagnara Calabra ITA"]
[Date "2009.01.04"]
[Round "4"]
[White "Tricomi, Massimo"]
[Black "Olivo, Paolo"]
[Result "0-1"]
[WhiteElo "1874"]
[BlackElo "1607"]
[PlyCount "110"]
[EventDate "2009.01.02"]

1. e4 c5 2. c3 d6 3. d4 cxd4 4. cxd4 Nf6 5. Nc3 e6 6. Nf3 a6 7. Bd3 Be7 8. O-O
O-O 9. Qc2 g6 10. e5 dxe5 11. dxe5 Nfd7 12. Bh6 Re8 13. Rad1 Nc6 14. a3 Qc7 15.
Ne4 Ndxe5 16. Nxe5 Qxe5 17. f4 Qd4+ 18. Kh1 f5 19. Ng5 Qc5 20. Qb1 Nd8 21. b4
Qc3 22. Rf3 Qf6 23. Bc4 Nf7 24. Nxf7 Qxf7 25. Re3 Bf6 26. Qa2 Kh8 27. Rd6 b5
28. Bxe6 Bxe6 29. Rdxe6 Rxe6 30. Qxe6 Qxe6 31. Rxe6 Bg7 32. Bxg7+ Kxg7 33. g3
Kf7 34. Rc6 h6 35. Kg2 a5 36. Rb6 axb4 37. axb4 Ra2+ 38. Kh3 Rb2 39. Rxb5 Kf6
40. Rb6+ Kg7 41. b5 g5 42. fxg5 hxg5 43. Rb7+ Kg6 44. Rb6+ Kh5 45. g4+ fxg4+
46. Kg3 Rb3+ 47. Kf2 g3+ 48. hxg3 Kg4 49. Rc6 Rb2+ 50. Ke3 Kxg3 51. Rc5 g4 52.
Ke4 Kh4 53. Kf4 g3 54. Rc1 g2 55. Rg1 Kh3 0-1

[Event "II Festival Costa Viola B"]
[Site "Bagnara Calabra ITA"]
[Date "2009.01.04"]
[Round "4"]
[White "Vallone, Rosario"]
[Black "Mercuri, Delia"]
[Result "1-0"]
[WhiteElo "1524"]
[BlackElo "1442"]
[PlyCount "89"]
[EventDate "2009.01.02"]

1. e4 e5 2. Nf3 Nf6 3. Nc3 Nc6 4. Bc4 Bc5 5. d3 h6 6. Be3 Bb4 7. a3 Bxc3+ 8.
bxc3 O-O 9. O-O d5 10. exd5 Nxd5 11. Qd2 Kh7 12. Ne1 f5 13. f4 Nxe3 14. Qxe3
Qf6 15. fxe5 Nxe5 16. Nf3 Nxc4 17. dxc4 Be6 18. c5 Rae8 19. Qd4 Qd8 20. Rad1 c6
21. Qa4 Qb8 22. Rd6 Bd5 23. Qh4 Kg8 24. c4 Re4 25. Qg3 Rxc4 26. Ne5 Rxc2 27.
Nf3 Qe8 28. Re1 Qf7 29. h4 f4 30. Qg4 Rxc5 31. Rd7 Qf6 32. Ree7 Bf7 33. Rxb7
Rc1+ 34. Kh2 Qa1 35. Qxf4 Rh1+ 36. Kg3 Qa2 37. Rxa7 Rc1 38. Ne5 Rc3+ 39. Kh2
Rh3+ 40. Kxh3 Be6+ 41. Kh2 Rxf4 42. Rxg7+ Kf8 43. Ng6+ Ke8 44. Ra8+ Bc8 45.
Rxc8# 1-0

[Event "II Festival Costa Viola B"]
[Site "Bagnara Calabra ITA"]
[Date "2009.01.04"]
[Round "4"]
[White "Zampaglione, Francesco"]
[Black "Musico', Guglielmo"]
[Result "0-1"]
[WhiteElo "1368"]
[BlackElo "1578"]
[PlyCount "34"]
[EventDate "2009.01.02"]

1. e4 g6 2. Nf3 Bg7 3. d4 d6 4. Be3 Nf6 5. Nc3 O-O 6. Bd3 Nbd7 7. Qd2 Re8 8.
O-O-O c6 9. h3 b5 10. a3 a5 11. Ne2 Nb6 12. g4 b4 13. g5 bxa3 14. gxf6 a2 15.
c3 a1=Q+ 16. Kc2 Qa4+ 17. Kc1 exf6 0-1

[Event "II Festival Costa Viola B"]
[Site "Bagnara Calabra ITA"]
[Date "2009.01.05"]
[Round "5"]
[White "Attina', Rodolfo"]
[Black "Fariselli, Umberto"]
[Result "0-1"]
[WhiteElo "1398"]
[BlackElo "1518"]
[PlyCount "38"]
[EventDate "2009.01.02"]

1. Nf3 Nf6 2. d4 d5 3. e3 Bg4 4. Nbd2 a6 5. c3 b5 6. h3 Bh5 7. Be2 h6 8. Ne5
Bxe2 9. Qxe2 e6 10. Qf3 Bd6 11. Qf4 O-O 12. g4 Qe8 13. b3 g5 14. Qg3 c5 15. h4
Nh7 16. h5 f6 17. Qh3 cxd4 18. cxd4 Nd7 19. Ndf3 19... Rf7 {...} 0-1

[Event "II Festival Costa Viola B"]
[Site "Bagnara Calabra ITA"]
[Date "2009.01.05"]
[Round "5"]
[White "Caporale, Giuseppe Guido"]
[Black "Familari, Giuseppe"]
[Result "1/2-1/2"]
[WhiteElo "1815"]
[BlackElo "1822"]
[PlyCount "61"]
[EventDate "2009.01.02"]

1. e4 c5 2. Nf3 a6 3. d4 cxd4 4. Nxd4 Nf6 5. Bd3 e5 6. Nf3 d5 7. Nbd2 Nc6 8. c3
Bc5 9. O-O O-O 10. Qc2 Bg4 11. exd5 Qxd5 12. Ne4 Nxe4 13. Bxe4 Qd6 14. Bxh7+
Kh8 15. Be4 f5 16. Bxc6 bxc6 17. Nd2 Qg6 18. Re1 e4 19. Kh1 Bxf2 20. Rf1 Ba7
21. Nc4 Rae8 22. Be3 Bb8 23. Bf4 Bxf4 24. Rxf4 Qg5 25. Qf2 Qd8 26. Qg3 g5 27.
Rf2 Qd3 28. Ne3 f4 29. Qxg4 fxe3 30. Qh5+ Kg7 31. Qxg5+ 1/2-1/2

[Event "II Festival Costa Viola B"]
[Site "Bagnara Calabra ITA"]
[Date "2009.01.05"]
[Round "5"]
[White "Carbone, Stefano"]
[Black "Ceravolo, Alberto"]
[Result "1-0"]
[WhiteElo "1665"]
[BlackElo "1652"]
[PlyCount "93"]
[EventDate "2009.01.02"]

1. e4 e6 2. d4 d5 3. Nc3 c6 4. e5 Nd7 5. f4 c5 6. Nf3 cxd4 7. Nxd4 Bc5 8. Nb3
Qb6 9. Nxc5 Nxc5 10. Rb1 Bd7 11. Be3 Qc7 12. Qd4 b6 13. Bb5 Ne7 14. Bxd7+ Qxd7
15. Qd2 Nf5 16. Bd4 Nxd4 17. Qxd4 O-O 18. O-O Rac8 19. f5 f6 20. exf6 Rxf6 21.
fxe6 Rxf1+ 22. Rxf1 Nxe6 23. Qxd5 Qxd5 24. Nxd5 Rxc2 25. Ne7+ Kh8 26. Rf2 Rc1+
27. Rf1 Rxf1+ 28. Kxf1 Nd8 29. b4 g6 30. b5 Kg7 31. Nc8 Nb7 32. Nxa7 Nd6 33. a4
Kf7 34. Nc6 Ke8 35. Ke2 Kd7 36. Kd3 Kc7 37. Nb4 Nb7 38. Nd5+ Kd6 39. Kd4 Nc5
40. Nxb6 Kc7 41. Nc4 Nb3+ 42. Kc3 Nc5 43. Kb4 Nd3+ 44. Ka5 Ne1 45. b6+ Kc6 46.
Ka6 Nxg2 47. Ne5+ 1-0

[Event "II Festival Costa Viola B"]
[Site "Bagnara Calabra ITA"]
[Date "2009.01.05"]
[Round "5"]
[White "Carrozza, Gregorio"]
[Black "Pallonetto, Cristofaro"]
[Result "1-0"]
[WhiteElo "1595"]
[BlackElo "1473"]
[PlyCount "57"]
[EventDate "2009.01.02"]

1. e4 e5 2. Nf3 Nc6 3. Bc4 Be7 4. Nc3 d6 5. h3 Nf6 6. d3 h6 7. Be3 Na5 8. Bb3
Nxb3 9. axb3 a6 10. Qd2 Be6 11. d4 exd4 12. Nxd4 Bc8 13. Nf5 Bxf5 14. exf5 c6
15. O-O d5 16. Rfe1 O-O 17. Rad1 Kh7 18. f3 Qc7 19. Bf4 Bd6 20. Bxd6 Qxd6 21.
Ne4 Nxe4 22. fxe4 Qc5+ 23. Kh1 dxe4 24. Rxe4 Qxf5 25. Rf4 Qe5 26. Rdf1 Kg8 27.
Qd7 Qe6 28. Qxb7 a5 29. Rxf7 1-0

[Event "II Festival Costa Viola B"]
[Site "Bagnara Calabra ITA"]
[Date "2009.01.05"]
[Round "5"]
[White "Ielapi, Vito"]
[Black "Mileo, Miguelito"]
[Result "1-0"]
[WhiteElo "1884"]
[BlackElo "1638"]
[PlyCount "39"]
[EventDate "2009.01.02"]

1. d4 d5 2. Nf3 Bf5 3. e3 Nf6 4. c4 c6 5. Nc3 e6 6. Ne5 Nbd7 7. Be2 a5 8. g4
Bg6 9. h4 h5 10. Nxg6 fxg6 11. Qc2 Qe7 12. g5 O-O-O 13. gxf6 gxf6 14. Bd2 Nb8
15. O-O-O g5 16. hxg5 fxg5 17. Bxh5 dxc4 18. Ne4 b5 19. Nc5 Rd5 20. Bg4 1-0

[Event "II Festival Costa Viola B"]
[Site "Bagnara Calabra ITA"]
[Date "2009.01.05"]
[Round "5"]
[White "Mercuri, Delia"]
[Black "Licari, Carmelo"]
[Result "1-0"]
[WhiteElo "1442"]
[BlackElo "1395"]
[PlyCount "50"]
[EventDate "2009.01.02"]

1. e4 d6 2. d4 Nc6 3. Nf3 e6 4. Bb5 Bd7 5. Nc3 Nf6 6. O-O a6 7. Bxc6 Bxc6 8. d5
exd5 9. exd5 Bd7 10. Re1+ Be7 11. Bg5 O-O 12. Qd2 Re8 13. Re2 c6 14. Rae1 cxd5
15. Bxf6 Bxf6 16. Rxe8+ Bxe8 17. Nxd5 Bc6 18. b3 Rc8 19. c4 Bxd5 20. Qxd5 Qd7
21. Rd1 Be7 22. Ne5 Qe6 23. Nf3 Qd7 24. Nd4 Rc5 25. Qf3 d5 1-0

[Event "II Festival Costa Viola B"]
[Site "Bagnara Calabra ITA"]
[Date "2009.01.05"]
[Round "5"]
[White "Musico', Guglielmo"]
[Black "Russo, Biagio"]
[Result "0-1"]
[WhiteElo "1578"]
[BlackElo "1455"]
[PlyCount "85"]
[EventDate "2009.01.02"]

1. d4 Nf6 2. c4 g6 3. Nc3 Bg7 4. e4 d6 5. Nf3 O-O 6. Be2 Nbd7 7. O-O a5 8. Be3
b6 9. Qd2 c5 10. Bh6 cxd4 11. Nxd4 Bb7 12. Bxg7 Kxg7 13. f3 Nc5 14. Qc2 Qc8 15.
Nd5 Nxd5 16. exd5 Qd7 17. Qc3 Kg8 18. Qe3 Kg7 19. Rad1 Rae8 20. Qc3 Kg8 21. Bd3
e6 22. dxe6 fxe6 23. Bc2 d5 24. Nb3 Na4 25. Qe5 Qc6 26. Nd2 dxc4 27. Be4 Qc8
28. Bxb7 Qxb7 29. Nxc4 Qa7 30. Qe3 Nc5 31. Rd6 b5 32. Ne5 Rc8 33. Rc1 Rc7 34.
Rcd1 Rfc8 35. Ng4 Na4 36. Qxa7 Rxa7 37. Rxe6 Nxb2 38. Rb1 Rc2 39. a3 Rb7 40.
Re5 a4 41. Ne3 Rd2 42. Kf1 b4 43. Ke1 0-1

[Event "II Festival Costa Viola B"]
[Site "Bagnara Calabra ITA"]
[Date "2009.01.05"]
[Round "5"]
[White "Olivo, Paolo"]
[Black "Ielapi, Gianbattista"]
[Result "0-1"]
[WhiteElo "1607"]
[BlackElo "1752"]
[PlyCount "86"]
[EventDate "2009.01.02"]

1. e4 e5 2. Nf3 Nc6 3. Bc4 Bc5 4. c3 Nf6 5. d4 Bb6 6. Bg5 d6 7. O-O O-O 8. dxe5
dxe5 9. Qxd8 Rxd8 10. Bxf6 gxf6 11. h3 Na5 12. Be2 Be6 13. Nbd2 Nc6 14. Nc4 Kf8
15. Nxb6 axb6 16. b3 Ke7 17. Rfd1 Rxd1+ 18. Bxd1 b5 19. Nd2 b4 20. cxb4 Nxb4
21. a3 Nc6 22. a4 f5 23. Rc1 Rd8 24. exf5 Bxf5 25. Nc4 f6 26. g4 Be6 27. Kf1
Rd3 28. f3 b6 29. Ke2 Rd7 30. Ke3 Nd4 31. h4 h6 32. f4 Bxc4 33. bxc4 c5 34.
fxe5 fxe5 35. g5 Kd6 36. g6 Nf5+ 37. Kf2 Nxh4 38. Bc2 Ke6 39. Ke2 Kf6 40. Rb1
Rd6 41. Rh1 Nxg6 42. Rxh6 Kg5 43. Rh3 Nf4+ 0-1

[Event "II Festival Costa Viola B"]
[Site "Bagnara Calabra ITA"]
[Date "2009.01.05"]
[Round "5"]
[White "Paragliola, Gennaro"]
[Black "Lanza, Giuseppe"]
[Result "1-0"]
[WhiteElo "1643"]
[BlackElo "1521"]
[PlyCount "75"]
[EventDate "2009.01.02"]

1. d4 f5 2. c4 Nf6 3. Nc3 g6 4. Nf3 Bg7 5. Bg5 O-O 6. Qd2 d6 7. Bh6 Bxh6 8.
Qxh6 Ng4 9. Qf4 Qe8 10. Nd5 Na6 11. e3 c6 12. h3 cxd5 13. hxg4 h5 14. gxh5 Kg7
15. h6+ Kh7 16. cxd5 Nb4 17. Kd2 Nxd5 18. Ng5+ Kh8 19. Qf3 e6 20. Bc4 f4 21. e4
Nb6 22. Bb3 e5 23. d5 Na4 24. Bxa4 Qxa4 25. Qc3 Qd4+ 26. Qxd4 exd4 27. Rac1 b6
28. f3 Ba6 29. Rc7 Rac8 30. Nf7+ Kh7 31. Rxc8 Bxc8 32. Nxd6 Bd7 33. Kd3 g5 34.
Kxd4 g4 35. e5 gxf3 36. gxf3 a5 37. e6 Rf6 38. Ke5 1-0

[Event "II Festival Costa Viola B"]
[Site "Bagnara Calabra ITA"]
[Date "2009.01.05"]
[Round "5"]
[White "Pratico', Paolo"]
[Black "Zampaglione, Francesco"]
[Result "0-1"]
[WhiteElo "1317"]
[BlackElo "1368"]
[PlyCount "98"]
[EventDate "2009.01.02"]

1. d4 d5 2. Nf3 Nc6 3. g3 Bf5 4. c3 e6 5. e3 Bd6 6. a3 Nge7 7. b4 a6 8. Nbd2 b5
9. Nb3 O-O 10. Nc5 Bxc5 11. bxc5 Ng6 12. Bd3 Bg4 13. h4 Qf6 14. Be2 e5 15. h5
Nge7 16. Nh2 Bxe2 17. Qxe2 e4 18. Ng4 Qg5 19. h6 g6 20. Bd2 f5 21. Ne5 Nxe5 22.
dxe5 c6 23. O-O-O Kh8 24. f3 Qxg3 25. fxe4 Qxe5 26. exd5 Qxd5 27. Kb2 Qxc5 28.
Qd3 Qd5 29. Qd4+ Qxd4 30. cxd4 Nd5 31. Rdf1 Rae8 32. Rh3 Re4 33. Re1 Rc8 34.
Kc2 c5 35. Kd1 c4 36. Bb4 Nxb4 37. axb4 Rce8 38. Ke2 Kg8 39. Ra1 R8e6 40. Rah1
f4 41. Rh5 Rxe3+ 42. Kd2 Rd3+ 43. Kc2 Re2+ 44. Kb1 Rxd4 45. Rf1 Ree4 46. Kc2 c3
47. Rf2 Rd2+ 48. Rxd2 cxd2 49. Kxd2 Rxb4 0-1